000 01125nam0a22003011 4500
001 rc\3903115
005 20250611014758.0
021 _aRU
_b[55-24209]
035 _a(NLR Aleph) 008014908
090 _a8723887
_c8723887
100 _a20130415d1955 |||y0rusy50 ca
101 0 _arus
102 _aRU
105 _aa z |||||
200 1 _aИзготовление и монтаж самотечных труб и воздуховодов на мельницах и крупозаводах
_fПод ред. инж. А.Д. Синцерова
210 _aМосква
_cЗаготиздат
_d1955
215 _a76 с.
_cил.
_d22
320 _aБиблиогр.: с. 70
606 _aЖестяницкие работы
_2psbo
606 _aТрубы самотечные
_xПроизводство
_2psbo
606 _aВоздуховоды
_xПроизводство
_2psbo
700 1 _aБороховский
_bЛ.А.
_gЛибер Ашерович
702 1 _aСинцеров
_bА.Д.
_4340
801 0 _aRU
_bNLR
_gpsbo
801 1 _aRU
_bELAR
_2rusmarc
852 _aNLR
_jТ66 Г-6/475
942 _cBOOK
980 _aNB